Light on snow / (Registro nro. 30036)

Detalles MARC
000 -LEADER
fixed length control field 00951nam a22001697a 4500
003 - CONTROL NUMBER IDENTIFIER
control field OSt
005 - DATE AND TIME OF LATEST TRANSACTION
control field 20250612154630.0
008 - FIXED-LENGTH DATA ELEMENTS--GENERAL INFORMATION
fixed length control field 230518s2005 |||||||| |||| 00| f eng d
020 ## - INTERNATIONAL STANDARD BOOK NUMBER
International Standard Book Number 9780316014281
040 ## - CATALOGING SOURCE
Original cataloging agency CO-JMCR
Language of cataloging spa
Transcribing agency CO-JMCR
041 0# - LANGUAGE CODE
Language code of text/sound track or separate title eng
082 ## - DEWEY DECIMAL CLASSIFICATION NUMBER
Classification number J-N
Item number SHRl
100 1# - MAIN ENTRY--PERSONAL NAME
Personal name Shreve, Anita /
Relator term autora
9 (RLIN) 42738
245 10 - TITLE STATEMENT
Title Light on snow /
Statement of responsibility, etc. Anita Shreve
520 ## - SUMMARY, ETC.
Summary, etc. What makes a family? That's what twelve-year-old Nicky Dillon wonders after she and her widowed father discover a wailing, an abandoned baby in the snow-filled woods near their New Hampshire home. Through the days that follow, the Dillions face a thicket of decisions, each seeming to carry equal possibilities of heartbreak or redemption. Writing with all the emotional richness that has drawn millions of readers around the world to her fiction, Anita Shreve unfolds in Light in Snow a tender and surprising novel about love and its consequences.
942 ## - ADDED ENTRY ELEMENTS (KOHA)
Source of classification or shelving scheme Dewey Decimal Classification
Koha item type Books
Existencias
Withdrawn status Lost status Source of classification or shelving scheme Damaged status Not for loan Home library Current library Shelving location Date acquired Source of acquisition Total Checkouts Full call number Barcode Date last seen Date last checked out Copy number Price effective from Koha item type
    Dewey Decimal Classification     Biblioteca Pública José María del Castillo y Rada Biblioteca Pública José María del Castillo y Rada New Materials Shelf 05/18/2023 Donación 1 J-N SHRl 201811865 08/05/2025 08/04/2025 Ej.1 05/18/2023 Books